Beschäftigungspolitik im internationalen Vergleich. Länder-Ranking 1980 - 1993 (Record no. 3336)

MARC details
000 -LEADER
fixed length control field 00503nam a22001937i 4500
001 - CONTROL NUMBER
control field 3386
003 - CONTROL NUMBER IDENTIFIER
control field OSt
005 - DATE AND TIME OF LATEST TRANSACTION
control field 20170126082318.0
007 - PHYSICAL DESCRIPTION FIXED FIELD--GENERAL INFORMATION
fixed length control field tu
008 - FIXED-LENGTH DATA ELEMENTS--GENERAL INFORMATION
fixed length control field 161220s1994 xxu||||| |||| 00| 0 d
024 7# - OTHER STANDARD IDENTIFIER
Standard number or code 3385
Source of number or code RID
040 ## - CATALOGING SOURCE
Transcribing agency OSt
084 ## - OTHER CLASSIFICATION NUMBER
Classification number 12.31
Number source z
100 1# - MAIN ENTRY--PERSONAL NAME
Personal name Huckemann, Stefan
245 00 - TITLE STATEMENT
Title Beschäftigungspolitik im internationalen Vergleich. Länder-Ranking 1980 - 1993
260 ## - PUBLICATION, DISTRIBUTION, ETC.
Place of publication, distribution, etc. Gütersloh :
Name of publisher, distributor, etc. Bertelsmann Stiftung,
Date of publication, distribution, etc. 1994.
300 ## - PHYSICAL DESCRIPTION
Extent 197 S. ;
Dimensions 30cm.
700 1# - ADDED ENTRY--PERSONAL NAME
Personal name van, Suntum Ulrich
942 ## - ADDED ENTRY ELEMENTS (KOHA)
Koha item type Book
Holdings
Withdrawn status Lost status Damaged status Not for loan Home library Current library Shelving location Date acquired Inventory number Total Checkouts Full call number Barcode Date last seen Price effective from Koha item type
        WIIW WIIW Library 02/13/1997 3386   II-6.130 303384 01/26/2017 01/26/2017 Book
The Vienna Instiute for International Economic Studies (wiiw)